| 000 | 01091cab a2200289 4500 | ||
|---|---|---|---|
| 001 | ABS55644 | ||
| 008 | 090401t1996 xxu||||| |||| 00| 0 eng d | ||
| 035 | _a(Sirsi) u17741 | ||
| 041 | _aeng | ||
| 100 | _aJones, C. | ||
| 245 | _aUrban regeneration and sustainable markets | ||
| 260 | _c1996 | ||
| 350 | _a0 | ||
| 490 |
_aUrban Studies _v33(7) 1996, 1129-1140(12) |
||
| 520 | _aAssesses criteria for success of British urban policy initiatives, concluding that they are too short term. Proposes that the concept of sustainable development is the ultimate goal of longer-term policy. Charts the development of a city-centre housing market in Glasgow, concluding that government has underestimated the necessary funds and time-dimensions for sustainable urban regenration. | ||
| 650 | _aCITY CENTRES | ||
| 650 | _aENTERPRISE ZONES | ||
| 650 | _aGLASGOW | ||
| 650 | _aMERCHANT CITY | ||
| 650 | _aPROPERTY MARKETS | ||
| 650 | _aSUSTAINABLE DEVELOPMENT | ||
| 650 | _aURBAN POLICY | ||
| 690 | _aURBAN RENEWAL | ||
| 700 | _aWatkins, C. | ||
| 942 | _n0 | ||
| 948 | _c04/03/1997 | ||
| 999 |
_c11766 _d11766 |
||